DC flux parametron : a new approach toJosephson junction logic /

Đã lưu trong:
Bibliografiske detaljer
Hovedforfatter: Loe, K. F. (Kia Fock)
Format: Bog
Sprog:Vietnamese
Udgivet: World Scientific 1986
Tags: Tilføj Tag
Ingen Tags, Vær først til at tagge denne postø!
Thư viện lưu trữ: Mạng thư viện Đại học Đà Nẵng
LEADER 00660nam a2200265 4500
001 000027703
003 LO-KJ
005 20150403120000.0
008 150403s vm 000 vie
020 |c 0,0000 
040 |a notts 
100 |a Loe, K. F. (Kia Fock) 
245 |a DC flux parametron : a new approach toJosephson junction logic /  |c K.F. Loe, E. Goto. 
260 |b World Scientific  |c 1986 
OWN |a LTT 
999 |a From the UDN01 
TYP |a Monograph 
TYP |a Printed language 
980 |a Mạng thư viện Đại học Đà Nẵng